000 00935 a2200217 4500
003 Nust
005 20170207154034.0
020 _a1-58053-315-9 :
040 _cNust
082 0 4 _a658.3124028546
100 1 _aStone, David E.
245 0 0 _aPlanning and design for high-tech web-based training (E-Book)
_cDavid E. Stone, Constance L. Koskinen
260 _aBoston, Mass. :
_bArtech House,
_ccop. 2002
300 _axx, 239 s. :
_bill.
490 0 _aArtech House technology management and professional development library
505 _aPart 1 Phase 1: The analysis (Page-1) Part II Phase 2: Strategic planning (Page-41) Part III Phase 3: WBT development (Page-97) Part IV Phase 4: WBT deployment (Page-147) Part V Postproduction (Page-167) Part VI The future (Page-193)
650 7 _aEmployees
_xTraining of
_xComputer network resources
650 7 _aInternet in education
651 _a(E-Book)
700 1 _aKoskinen, Constance L.
_4aut
942 _2ddc
_cBK
999 _c192282
_d192282